Finančná matematika v Exceli

Salvato in:
Dettagli Bibliografici
Autore principale: Huťka, Vladimír
Altri autori: Peller, František
Natura: Libro
Lingua:slovacco
Pubblicazione: Bratislava ELITA 1999
Soggetti:
Tags: Aggiungi Tag
Nessun Tag, puoi essere il primo ad aggiungerne!!

MARC

LEADER 00000nam a2200000 4500
001 c116641
005 20221123132808.4
020 |a 80-8044-064-6 
041 0 |a slo 
044 |a SK 
245 1 0 |a Finančná matematika v Exceli  |c Vladimír Huťka - František Peller 
264 1 |a Bratislava  |b ELITA  |c 1999 
300 |a 178 s. 
610 2 0 |a matematika finančná 
610 2 0 |a úrok 
610 2 0 |a diskont 
610 2 0 |a miera úroková 
610 2 0 |a renta 
610 2 0 |a financie 
610 2 0 |a pôžičky 
610 2 0 |a splátky 
610 2 0 |a obligácie 
610 2 0 |a projekty 
610 2 0 |a oceňovanie 
610 2 0 |a akcie 
610 2 0 |a využitie počítačov 
610 2 0 |a programy počítačové 
610 2 0 |a optimalizácia rozhodovania 
610 2 0 |a rozhodovanie finančné 
610 2 0 |a politika finančná 
100 1 |a Huťka, Vladimír 
700 1 |a Peller, František